I Am The People / (Record no. 195327)

MARC details
000 -LEADER
fixed length control field 00501nam a22001817a 4500
005 - DATE AND TIME OF LATEST TRANSACTION
control field 20230317161952.0
010 ## - LCCN (DPL NO)
LC control number ENG-136409
020 ## - INTERNATIONAL STANDARD BOOK NUMBER
International Standard Book Number 9788178245539
Terms of availability 595.00
035 ## - SYSTEM CONTROL NUMBER
System control number EN-119941
037 ## - SOURCE OF ACQUISITION
Source of stock number/acquisition DBAD/PUB
082 ## - DEWEY DECIMAL CLASSIFICATION NUMBER
Classification number 320.5662
100 ## - MAIN ENTRY--PERSONAL NAME
Personal name Chatterjee,Partha
245 ## - TITLE STATEMENT
Title I Am The People /
Statement of responsibility, etc By Partha Chatterjee
260 ## - PUBLICATION, DISTRIBUTION, ETC. (IMPRINT)
Place of publication, distribution, etc Jaipur
Name of publisher, distributor, etc Orient Black Pvt Ltd
Date of publication, distribution, etc 2020
270 ## - ADDRESS
Electronic mail address www.OrientBlackswan.com
300 ## - PHYSICAL DESCRIPTION
Extent 185p.
Dimensions 21cm(hbk)
942 ## - ADDED ENTRY ELEMENTS (KOHA)
Source of classification or shelving scheme Dewey Decimal Classification
Item type English Books
Classification part 320.5662
Call number suffix PAR
Holdings
Withdrawn status Lost status Not for loan Collection code Home library Current library Date acquired Source of acquisition Cost, normal purchase price Full call number Barcode Copy number Koha item type
      Non-fiction Katevara Katevara 17/03/2023 DBAD/PUB 595.00 320.5662 PAR EN-119941 1 English Books

© Delhi Public Library
Hit Counter
free hit counter